| 000 | 01181nam a2200253 i 4500 | ||
|---|---|---|---|
| 001 | bg | ||
| 100 | 1 | _aNOWAK, Henryk | |
| 245 | 1 | 0 |
_aOddziaływanie cieplnego promieniowania środowiska zewnętrznego na budynek / _cHenryk Nowak. |
| 260 |
_aWrocław : _bOficyna Wydawnicza PW, _c1999. |
||
| 300 |
_a196 s. : _brys., wykr. (w tym kolor.) ; _c24 cm. |
||
| 490 | 1 |
_aPrace Naukowe Instytutu Budownictwa Politechniki Wrocławskiej. Monografie = _aScientific Papers of the Institute of Building Engineering of the Wrocław University of Technology. Monographs, _x0324-9875 ; _v31 |
|
| 500 | _aTyt. równol. : Interaction of environmental thermal radiation on the building. - Nr serii gł. : 72. - Streszcz. ang. | ||
| 504 | _aBibliogr. s. 180-191. | ||
| 650 | 9 |
_aKonstrukcje budowlane _xfizyka _xbadanie |
|
| 650 | 9 |
_aModele matematyczne _xstosowanie |
|
| 650 | 9 |
_aPromieniowanie cieplne _xpomiary |
|
| 650 | 9 |
_aPrzewodnictwo cieplne _xbudownictwo |
|
| 830 | 0 |
_aPrace Naukowe Instytutu Budownictwa Politechniki Wrocławskiej. _pMonografie ; _v31 |
|
| 040 | _cBPK | ||
| 041 | 0 |
_apl _ben |
|
| 080 | _a624.01/.07:536:519.86 | ||
| 942 | _cKS | ||
| 008 | s pl f |000 0 pol | ||
| 999 |
_c37797 _d37797 |
||
| 856 |
_uhttp://koha.tu.koszalin.pl/cgi-bin/koha/opac-detail.pl?biblionumber=37797 _yKatalog online BPK |
||